1342 1669 1924 1459 1434 1431 1312 1057 1156 1897 1890 1941 1495 1064 1229 1689 1520 1677 1582 1261 1432 1074 1156 1295 1708 1891 1090 1699 1254 1190 1900 1053 1236 1864 1866 1834 1816 1042 1041 1285 1529 1346 1006 1205 1810 1745 1275 1129 1529 1330 1116 1693 1073 1906 1071 1864 1367 1220 1255 1635 1822 1775 1177 1609 1897 1100 1103 1947 1528 1291 1043 1200 1364 1785 1845 1684 1799 1764 1363 1683 1312 1274 1576 1592 1073 1703 1037 1528 1323 1020 1732 1835 1163 1507 1970 1787 1973 1697 1281 BCNSPRNW ULIB Ver.6.0+V

เปลี่ยนเป็นภาษาไทย

Change to English
 แสดงรายละเอียดบรรณานุกรม
  กลับหน้าหลัก

Brief Record : Get Marc (ISO 2709) : E-mail record : QR code < ปิดหน้าต่าง
LEADER : 00000nam 2200000uu 4500
001    13399120707
003     ULIB
008    121005s2545||||th 000 0 tha d
020    ^a9745322956
060 04 ^aWY159^bน276ก
100 0  ^aนฤมล ธีระรังสิกุล
245 10 ^aการพยาบาลทารกคลอดก่อนกำหนด /^cนฤมล ธีระรังสิกุล
250    ^aพิมพ์ครั้งที่ 3
260    ^aชลบุรี :^bภาควิชาการพยาบาลแม่และเด็ก คณะพยาบาลศาสตร์มหาวิทยาลัยบูรพา,^c2545
300    ^aฉ, 142 หน้า :^bภาพประกอบ ;^c26 ซม.
440    ^aโครงการตำราคณะพยาบาลศาสตร์ มหาวิทยาลัยบูรพา
536    ^aได้รับทุนสนับสนุนจาก โครงการตำราคณะพยาบาลศาสตร์มหาวิทยาลัยบูรพา
650  7 ^aการพยาบาล
650  7 ^aทารกคลอดก่อนกำหนด
710 2  ^aมหาวิทยาลัยบูรพา. ^bคณะพยาบาลศาสตร์.^bภาควิชาการพยาบาลแม่และเด็ก
945    ^p150^l0^i14791
995    ^aทศพร
999    ^aทศพร เกษรทอง
รายการนี้ยังไม่มีแท็ก
คุณยังไม่ได้ล็อกอิน คุณสามารถมีกิจกรรมร่วมกับเว็บไซต์ได้ แต่ต้องล็อกอินก่อน ::
  ล็อกอิน

รายการสื่อสารสนเทศ

ลำดับที่ ประเภท เลขเรียก/บาร์โค้ด สถานที่ สถานะ
1. วิทยาศาสตร์การแพทย์ และสุขภาพ
วิทยาศาสตร์การแพทย์ และสุขภาพ
WY159 น276ก ฉ.1 
  Barcode: 14791
ห้องสมุดวิทยาเขตสวรรค์ประชารักษ์
►หนังสือทั่วไป
ถูกยืม กำหนดส่งวันที่ 11 พฤษภาคม 2558
  จอง

รายการใกล้เคียง
    ผู้แต่ง [นฤมล ธีระรังสิกุล]

    หัวเรื่อง [การพยาบาล]
    หัวเรื่อง [ทารกคลอดก่อนกำหนด]

BibComment


ยังไม่เคยถูกคอมเมนท์

คอมเมนท์ทรัพยากรรายการนี้
  คอมเมนท์: การพยาบาลทารกคลอ..


 Copyright 2026. Bcnsprnw @Library